The urban part of rural development : the role of small and intermediate urban centres in rural and regional development and poverty reduction

Guardat en:
Dades bibliogràfiques
Autor principal: Satterhwaite, David
Format: Llibre
Idioma:Undetermined
Publicat: London International institute for environment and development 2003
Matèries:
Etiquetes: Afegir etiqueta
Sense etiquetes, Sigues el primer a etiquetar aquest registre!
Thư viện lưu trữ: Trung tâm Học liệu Trường Đại học Cần Thơ
LEADER 00689nam a2200193Ia 4500
001 CTU_122457
008 210402s9999 xx 000 0 und d
082 |a 307.72 
082 |b S253 
100 |a Satterhwaite, David 
245 4 |a The urban part of rural development : 
245 4 |b the role of small and intermediate urban centres in rural and regional development and poverty reduction 
245 0 |c David Satterhwaite, Cecilia Tacoli 
260 |a London 
260 |b International institute for environment and development 
260 |c 2003 
650 |a Rural development projects,Nông thôn 
904 |i Hiếu 
980 |a Trung tâm Học liệu Trường Đại học Cần Thơ